Um novo olhar sobre o neo-realismo (Registo nº 201824)

Detalhes MARC
000 -Etiqueta do registo
Valores 00555nam 22001813 4500
100 ## - Dados gerais de processamento
Dados gerais 20260417d u||y0pory50 ba
200 ## - Titulo e menção de responsabilidade
Título próprio Um novo olhar sobre o neo-realismo
Primeira menção de responsabilidade Urbano Tavares Rodrigues
210 ## - Publicação
Local de publicação Lisboa
Nome do editor Moraes Editores
Data de publicação 1981
215 ## - Descrição física 
Paginação / Volumes 116, [4] p.
Outras indicações físicas brochado
Dimensões 23 cm
225 ## - Colecção 
Título próprio da colecção Margens do texto
Número de parte ou secção 18
606 ## - Nome comum usado como assunto
ID Autoridade 3661
Palavra de ordem Crítica Literária.Estudos Literários
675 ## - CDU
Notação 82.09
Edição PT
Língua por
700 ## - Autor principal (pessoa individual)
ID Autoridade 4341
Apelido Rodrigues
Nome Urbano Tavares
Datas 1923-2013
801 ## - Fonte de origem
País PT
Agência BMMN
Regras de catalogação RPC
830 ## - Notas gerais do catalogador
Criado por Vanda
990 ## - Elementos KOHA
Tipo de documento Livro
Exemplares
Situação do levantamento Biblioteca de origem Código de barras Cota Permissão de empréstimo Tipo de documento Forma de aquisição
  Biblioteca Municipal de Montemor-o-Novo 31202 82.09 ROD|DEP   Livro Compra

Powered by Koha